00851nam a22002057a 4500999001900000005001700019010001500036020002600051035001400077037001300091082001600104100003300120245018600153260005000339270003500389300002500424700003000449942003000479952013600509 c187449d18744920220420103957.0 aENG-132333 a9788187892533c500.00 aEN-115865 bDBAD/PUB a327.5482059 aSachithanantham, Singaravelu aTamil Cultural Relations With Southeast Asia:bWith Special Reference to Tamil Bhakti Literature and the Ramayana Versions/cSingaravelu Sachithanantham and Edited by G. John Samuel aChennaibThe Institute Of Asian Studiesc2012 aChemmancherrybChennaie600119 axi, 349p.c25cm(pbk) aEdited by Samuel, G. John 2ddccENh327.5482059mSAC 001040708NFICaLbLd2022-04-20eDBAD/PUBg500.00l1o327.5482059 SACpEN-115865r2024-09-26 00:00:00s2024-07-04t1v500.00yEN